Atlas materiałów i źródeł historycznych

Titel: Atlas materiałów i źródeł historycznych / Joanna Nowosielska-Sobel, Grzegorz Strauchold, Przemysław Wiszewski
Verfasser: ; ;
Veröffentlicht: Wrocław : Uniwersytet Wrocławski, [2015]-
Format: Mehrteiliges Werk
Sprache: Polnisch
Schriftenreihe/
mehrbändiges Werk:
Historia Obok : studia z dziejów lokalnych = History next to : local past studies ;;
Schlagworte:
Bände: alle Bände anzeigen
Kein Bild verfügbar
X
alg: 47066032
001A    $03004:16-10-20 
001B    $03004:19-10-20 $t07:49:28.000 
001D    $03004:19-10-20 
001U    $0utf8 
001X    $00 
002@    $0Acu 
002C    $aText $btxt $2rdacontent 
002C    $akartografisches Bild $bcri $2rdacontent 
002D    $aohne Hilfsmittel zu benutzen $bn $2rdamedia 
002E    $aBand $bnc $2rdacarrier 
003@    $0470660325 
007A    $0470660325 $aHEB 
010@    $apol 
010E    $erda 
011@    $a2015 $n[2015]- 
021A    $aAtlas materiałów i źródeł historycznych $hJoanna Nowosielska-Sobel, Grzegorz Strauchold, Przemysław Wiszewski 
028A    $BVerfasser $#Sobel, Joanna Nowosielska- $4aut $71049908074 $8Nowosielska-Sobel, Joanna$Z1972- [Tp3] $9339080078 
028C    $BVerfasser $#Straucholʹd, Gžegož $4aut $7139212906 $8Strauchold, Grzegorz$Z1958- [Tp1] $9215816668 
028C    $BVerfasser $#Wiszewski, Przemysław Piotr $4aut $7104675792X $8Wiszewski, Przemysław$Z1974- [Tp3] $9335790739 
033A    $pWrocław $nUniwersytet Wrocławski 
036E    $aHistoria Obok : studia z dziejów lokalnych = History next to : local past studies ;; 
044K    $RSchlesien $RSchlesien $#Niederschlesien $#Dolny Śląsk $#Dolní Slezsko $74042237-9 $8Niederschlesien [Tg1] $9085116734 
044K    $RAtlas $#Historischer Atlas Geschichtsatlas $74323412-4 $8Geschichtsatlas [Ts1] $9086786253 
045F    $a911.438 $eDDC23BSB 
045F/01 $a911 
045F/03 $g438 

lok: 47066032 24

exp: 47066032 24 1 #EPN
201B/01 $016-10-20 $t12:55:26.000 
201C/01 $016-10-20 
201U/01 $0utf8 
203@/01 $01126052426 
208@/01 $a16-10-20 $bda 
209B/01 $aEinzelbestellung !050! $x09 
220C/01 $aho-sz 

lok: 47066032 78

exp: 47066032 78 1 #EPN
201B/01 $016-06-21 $t12:46:48.000 
201C/01 $016-06-21 
201U/01 $0utf8 
203@/01 $01157770231 
208@/01 $a16-06-21 $be 
209A/01 $a/ $f000 $x00 
209A/01 $ab*p $x01 
220C/01 $apgar 
244Z/01 $#Generalgouvernement Polen $#Polska $#Rzeczpospolita Polska $#Polska Rzeczpospolita Ludowa $#Poland $#Pologne $#République Polonaise $#Generalne Gubernatorstwo w Polsce $#Polish People's Republic $#Polska Rzeczpospolita Polen $#PRL $#RP $#Polen Generalgouvernement $#Polska Generalgouvernement $#Besetzte Polnische Gebiete $#Besetztes Gebiet in Polen $#Okupowane Polskie Obszary $#Obszary Okupowane w Polsce $#Volksrepublik Polen $#Polska Rosyjska $#Republic Polen $#Respublika Pol'ša $#Pol'skaja Narodnaja Respublika $#République de Pologne $#Polen Links der Weichsel $#Polska po Lewej Stronie Wisły $#Lenkija $#Polija $#Gubernija Carstva Pol'skago $#Republik Polen $74046496-9 $8--Tg1--Polen $x01 $9085129801 
244Z/01 $#Schlesien $#Schlesien $#Herzogtum Schlesien $#Herzogtum Schlesien Schlesien $#Provinz Schlesien $#Śla̜sk $#Slezsko $#Silesia $74052678-1 $8--Tg1--Schlesien $x02 $9085146781 
247C/01 $82080>Marburg/Lahn, Herder-Institut, Forschungsbibliothek, Bibliographieportal $9336309341
LEADER 00000cam a2200000 ca4500
001 470660325
003 DE-603
005 20201019074928.0
007 tu
008 201016s2015 xx |||| | u00||u|pol c
035 |a (DE-599)HEB470660325 
040 |a DE-603  |b ger  |c DE-603  |d DE-603  |e rda 
041 |a pol 
082 0 4 |8 1\u  |a 911.438  |q DE-101  |2 23/BSB 
085 |8 1\u  |b 911 
085 |8 1\u  |z 2  |s 438 
100 1 |a Nowosielska-Sobel, Joanna  |d 1972-  |e Verfasser  |4 aut  |0 (DE-603)339080078  |0 (DE-588)1049908074  |2 gnd 
245 0 0 |a Atlas materiałów i źródeł historycznych  |c Joanna Nowosielska-Sobel, Grzegorz Strauchold, Przemysław Wiszewski 
264 1 |a Wrocław  |b Uniwersytet Wrocławski  |c [2015]- 
336 |a Text  |b txt  |2 rdacontent 
336 |a kartografisches Bild  |b cri  |2 rdacontent 
337 |a ohne Hilfsmittel zu benutzen  |b n  |2 rdamedia 
338 |a Band  |b nc  |2 rdacarrier 
490 0 |a Historia Obok : studia z dziejów lokalnych = History next to : local past studies ;; 
650 7 |a Geschichtsatlas  |0 (DE-588)4323412-4  |0 (DE-603)086786253  |2 gnd 
651 7 |a Niederschlesien  |0 (DE-588)4042237-9  |0 (DE-603)085116734  |2 gnd 
700 1 |a Strauchold, Grzegorz  |d 1958-  |e Verfasser  |4 aut  |0 (DE-603)215816668  |0 (DE-588)139212906  |2 gnd 
700 1 |a Wiszewski, Przemysław  |d 1974-  |e Verfasser  |4 aut  |0 (DE-603)335790739  |0 (DE-588)104675792X  |2 gnd 
924 0 |9 603  |a (DE-603)1126052426  |b DE-603  |c HES  |d d 
924 0 |9 2080  |a (DE-603)1157770231  |b DE-2080  |c HES  |d d  |g /